000 00479ntaaa2200193 4500
003 01
005 20251027202043.0
008 0714s1973 ag 01
040 _aAR-BaBN
_bspa
_cAR-BaBN
_eaacr
_dRIC
082 _a251.0100 Sm1
100 _aSmall, R. Leonard
_919119
245 _aWith ardour and accuracy
250 _a1 ed.
260 _aEdinburgh :
_bSaint Andrew Press,
_cc1960
300 _a98 p
500 _aLa predicación
650 _ahomilética
_91351
942 _cBK
999 _c15329
_d15329